Loading...
Auditory Arts | 5 | 14.00 | 100% | 40% | 0% |
Beliefs | 9 | 15.56 | 89% | 44% | 22% |
Current Events | 3 | 10.00 | 67% | 33% | 0% |
Fine Arts - Other Arts | 6 | 15.00 | 83% | 50% | 17% |
Geography | 1 | 20.00 | 100% | 100% | 0% |
History - American History | 6 | 16.67 | 100% | 50% | 17% |
History - Ancient History | 4 | 17.50 | 75% | 75% | 25% |
History - European History | 5 | 14.00 | 80% | 60% | 0% |
History - Other History | 1 | 20.00 | 100% | 100% | 0% |
History - World History | 6 | 15.00 | 100% | 50% | 0% |
Literature - American Literature | 5 | 12.00 | 100% | 20% | 0% |
Literature - British Literature | 5 | 16.00 | 100% | 40% | 20% |
Literature - European Literature | 6 | 13.33 | 100% | 17% | 17% |
Literature - World Literature | 4 | 17.50 | 100% | 50% | 25% |
Other Academic | 1 | 0.00 | 0% | 0% | 0% |
Philosophy | 8 | 20.00 | 88% | 75% | 38% |
Science - Biology | 7 | 10.00 | 71% | 29% | 0% |
Science - Chemistry | 4 | 12.50 | 100% | 25% | 0% |
Science - Other Science | 3 | 20.00 | 67% | 67% | 67% |
Science - Physics | 4 | 12.50 | 100% | 25% | 0% |
Social Science | 6 | 13.33 | 100% | 17% | 17% |
Visual Arts | 8 | 11.25 | 100% | 13% | 0% |